| 000 | 01495cam a2200397 a 4500 | ||
|---|---|---|---|
| 001 | 7025 | ||
| 003 | FISKH | ||
| 005 | 20250619090725.0 | ||
| 008 | 940308s1994 nyua j 000 0 eng | ||
| 010 | _a 94049003 | ||
| 020 | _a0590483277 | ||
| 020 | _a9780590483278 | ||
| 040 |
_aDLC _cDLC _dDLC _beng |
||
| 050 | _aQC360 .L8513 | ||
| 082 | _a 535 | ||
| 100 | _aJeunesse, Gallimard | ||
| 245 | 1 | 0 |
_aLight / _ccreated by Gallimard Jeunesse, Jean-Pierre Verdet, and Gilbert Houbre ; illustrated by Gilbert Houbre. |
| 260 |
_aNew York : _bScholastic, _c1994. |
||
| 300 |
_a34 unnumbered pages : _bcolor illustrations ; _c19 cm |
||
| 440 | 2 | _aA first discovery book | |
| 500 | _aTranslation of: La lumiere. | ||
| 500 | _a"Cartwheel books." | ||
| 505 | _aO | ||
| 520 | _aExperience the beauty natural light provides--from a colorful rainbow to the amazing aurora borealis; learn about fluorescent plants and animals that actually glow, and see the impact electric light has had on our society. See through plastic pages change the pictures. | ||
| 521 | 8 |
_a600
_bLexile estimate |
|
| 521 | 8 |
_aO
_bRaz-Plus |
|
| 650 | 0 |
_aLight _xJuvenile literature. |
|
| 650 | 0 |
_aMeteorological optics _xJuvenile literature. |
|
| 650 | 0 |
_aAstrophysics _xJuvenile literature. |
|
| 650 | 1 | _aLight. | |
| 700 | 1 |
_aVerdet, Jean-Pierre. _eAuthor |
|
| 700 | 1 |
_aHoubre, Gilbert. _dillustrator |
|
| 906 |
_a7 _bcbc _corignew _d1 _eocip _f19 _gy-gencatlg |
||
| 942 |
_2ddc _cBK _n0 |
||
| 999 |
_c7025 _d7025 |
||